Books/Series of Books by Main Character and Author - Statistics

General Stats
  • This quiz has been taken 58 times
  • The average score is 5 of 10
Answer Stats
Book or Series Main Character(s) Author Name % Correct
Book Winston Smith George Orwell 1984
92%
Book Atticus Finch Harper Lee To Kill A Mockingbird
87%
Book George Milton, Lennie Small John Steinbeck Of Mice and Men
77%
Book Phineas Fogg Jules Verne Around the World in 80 Days
68%
Book Bernard Marx Aldous Huxley Brave New World
53%
Book Hercule Poirot, Simon Ratchett Agatha Christie Murder on the Orient Express
49%
Series Lyra Belacqua Philip Pullman His Dark Materials
42%
Series Greg Heffley Jeff Kinney Diary of a Wimpy Kid
32%
Book Bruno, Shmuel John Boyne The Boy in the Striped Pyjamas
23%
Book Mr Tagomi Philip K. Dick The Man in the High Castle
21%
No matching quizzes found
Score Distribution
Percent of People with Each Score
Percentile by Number Answered
Your Score History
You have not taken this quiz